000 00477cam a22002051 4500
001 sa 68012455
003 DLC
005 20260227112610.0
008 881028s1968 xx 000 0 beno
010 _asa 68012455
035 _a(OCoLC)23567337
040 _aDLC
_cMiU
_dDLC
042 _apremarc
050 0 0 _aPK1718.R63
_bP8
100 1 _aRoy, Kalidas,
_d1884-
245 1 0 _aPūrṇāhuti.
260 _c[1968]
300 _a14, 135 p.
_c23 cm.
500 _aRomanized.
999 _c84532
_d84532